02291cam a22003974a 45000010009000000050017000090080041000260100017000670160020000840200015001040200018001190200038001370200035001750350023002100350020002330400057002530420008003100500022003180600015003400600021003550820015003762450069003912500012004602600051004723000049005235040051005725050942006236500021015656500021015867000031016077000062016389060045017009420012017459990019017579520117017761438749320180827062549.0060523s2007 paua b 001 0 eng  a 20060475157 a1013112822DNLM a1416029737 a9781416029731 a9780808923664 (International ed.) a0808923668 (International ed.) a(OCoLC)ocm69672074 a(OCoLC)69672074 aASABcASABdASABdASABdASABdASABdASABdASABdASAB apcc00aRB111b.K895 200700a2007 H-16210aQZ 4bR6355 200700a616.0722200aRobbins basic pathology /c[edited by] Vinay Kumar ... [et al.]. a8th ed. aPhiladelphia, PA :bSaunders/Elsevier,cc2007. axiv, 946 p. :bill. (chiefly col.) ;c29 cm. aIncludes bibliographical references and index.0 aCell injury, cell death, and adaptations -- Acute and chronic inflammation -- Tissue repair : regeneration, healing, and fibrosis -- Hemodynamic disorders, thrombosis, and shock -- Diseases of the immune system -- Neoplasia / Thomas P. Stricker, Vinay Kumar -- Environmental and nutritional diseases -- General pathology of infectious diseases -- The blood vessels -- The heart / Frederick J. Schoen, Richard N. Mitchell -- The hematopoietic and lymphoid systems / Jon C. Aster -- The lung / Anirban Maitra, Vinay Kumar -- The kidney and its collecting system / Charles E. Alpers , Agnes B. Fogo -- The oral cavity and gastrointestinal tract -- The liver, gallbladder, and biliary tract -- The pancreas -- The male genital system -- The female genital system / Anthony Montag, Vinay Kumar -- The endocrine system / Anirban Maitra -- The musculoskeletal system -- The skin / Alexander J.F. Lazar -- The nervous system / Matthew P. Frosch. 0aPathology.9127912aPathology.912801 aKumar, Vinay,d1944-912811 aRobbins, Stanley L.q(Stanley Leonard),d1915-2003.91282 a7bcbccorignewd1eocipf20gy-gencatlg 2ddccBK c479845d479845 00102ddc40708NFICaASABbASABd2015-09-30l5m1o616.07 KUMpASAB711r2018-08-17s2017-02-27w2015-09-30yBK